Statistics for Geography and History of Germany on a Map

Click here to take the quiz!

General Stats

  • This quiz has been taken 965 times
  • The average score is 48 of 100

Answers on the Map

Answers color-coded by a green-red scale on the quiz's map according to % correct below.
 

Answer Stats

Answer% Correct
Berlin
98%
Hamburg
95%
Munich
95%
Rhine River
93%
Bavaria
92%
Frankfurt am Main
89%
Cologne
88%
Bremen
86%
Lower Saxony
85%
Alps
84%
Danube River
84%
Brandenburg
83%
Brandenburg Gate
83%
Dresden
80%
Düsseldorf
80%
Saxony
80%
Stuttgart
79%
Nuremberg
78%
Leipzig
77%
Elbe River
76%
Hanover
74%
Baden-Württemberg
72%
Dortmund
71%
Essen
71%
Albert Einstein
69%
Bonn
69%
North Rhine-Westphalia
69%
North Sea
69%
Schleswig-Holstein
67%
Hesse
66%
Saarland
66%
Baltic Sea
65%
Rhineland-Palatinate
65%
Main River
63%
Martin Luther
61%
Mecklenburg-Vorpommern
61%
Potsdam
60%
Thuringia
58%
Lübeck
57%
Black Forest
56%
Saarbrücken
56%
Saxony-Anhalt
56%
Thomas Mann
53%
Rostock
51%
Friedrich Nietzsche
50%
Bielefeld
49%
Karl Benz
49%
Otto von Bismarck
49%
Neuschwanstein Castle
48%
Mainz
47%
Trier
46%
Duisburg
45%
Olaf Scholz
45%
Bremerhaven
42%
Zugspitze
42%
Münster
41%
Paderborn
40%
Bochum
38%
Moselle River
38%
Spree River
38%
Wuppertal
38%
Erfurt
37%
Darmstadt
35%
Operation {Barbarossa}
35%
Johannes Brahms
33%
Pope Benedict XVI
33%
Sebastian Vettel
33%
Hugo Boss
29%
Battle of Ulm
27%
Karl Dönitz
26%
Wittenberg
26%
Max Planck
25%
Operation {Sea Lion}
24%
Germany is our fatherland; {Europe} is our future.
21%
Brocken
19%
Richard Strauss
18%
Schwerin Castle
17%
Battle of the Teutoburg Forest
14%
Erich von Manstein
11%
Pforzheim
11%
East Side Gallery
10%
Battle of Lützen
9%
Charlottenburg Palace
8%
Klaus Meine
8%
The entire {language} is threatening.
8%
Bastei Bridge
6%
Eltz Castle
6%
Henry V
6%
Nymphenburg Palace
6%
Battle of Jena–Auerstedt
5%
Battle of Rossbach
4%
Battle of Torgau
4%
Triberg Waterfalls
4%
Battle of Wolgast
3%
Germany is a great nation only because its people have so much {Polish blood} in their veins.
3%
Learning German is what {eternity} was made for.
3%
Operation {Hannibal}
3%

Score Distribution

Percentile by Number Answered

Percent of People with Each Score

Your Score History

You have not taken this quiz